[Event "GER-ch U25-C"]
[Site "Willingen"]
[Date "2023.05.28"]
[Round "2"]
[White "Blome, Antonia"]
[Black "Soehren, Louis"]
[Result "1-0"]
[WhiteElo "1099"]
[BlackElo "964"]
[PlyCount "81"]
[EventDate "2023.05.27"]
[EventType "swiss"]
[EventRounds "9"]
[EventCountry "GER"]
[SourceTitle "CBM 214 Extra"]
[Source "ChessBase"]
[SourceDate "2023.07.31"]
[SourceVersion "1"]
[SourceVersionDate "2023.07.31"]
[SourceQuality "1"]

1. d4 d5 2. Bf4 Bf5 3. Nf3 Nf6 4. e3 a6 5. Nbd2 Nc6 6. c3 e6 7. Be2 Bd6 8. Ne5 Bxe5 9. Bxe5 Nxe5 10. dxe5 Nd7 11. f4 g5 12. Nf3 gxf4 13. exf4 Nc5 14. Qd4 b6 15. b4 Nb7 16. a4 a5 17. Bb5+ Ke7 18. Bc6 Ra7 19. bxa5 Nxa5 20. Qb4+ Qd6 21. exd6+ cxd6 22. Qxb6 Nxc6 23. Qxc6 Rd7 24. 0-0 Bd3 25. Rf2 Be4 26. Rb2 Rhd8 27. Rb7 f5 28. Rxd7+ Rxd7 29. Ng5 d4 30. Nxe4 fxe4 31. Qxe4 dxc3 32. Qc4 d5 33. Qxc3 d4 34. Qb4+ Kd8 35. Rd1 d3 36. Qf8+ Kc7 37. Rc1+ Kb6 38. Rb1+ Ka6 39. Qa8+ Ra7 40. Qc6+ Ka5 41. Qb5# 1-0

[Event "GER-ch U25-C"]
[Site "Willingen"]
[Date "2023.05.28"]
[Round "1"]
[White "Sauer, Ben"]
[Black "Blome, Antonia"]
[Result "1-0"]
[WhiteElo "1340"]
[BlackElo "1099"]
[PlyCount "73"]
[EventDate "2023.05.27"]
[EventType "swiss"]
[EventRounds "9"]
[EventCountry "GER"]
[SourceTitle "CBM 214 Extra"]
[Source "ChessBase"]
[SourceDate "2023.07.31"]
[SourceVersion "1"]
[SourceVersionDate "2023.07.31"]
[SourceQuality "1"]

1. e4 e5 2. Nf3 Nc6 3. Bc4 Bc5 4. c3 Nf6 5. d3 h6 6. Nbd2 d6 7. Bb3 Be6 8. Bc2 Qd7 9. b4 Bb6 10. a4 a6 11. Bb2 0-0 12. 0-0 Bg4 13. Re1 Rfe8 14. Nf1 Bxf3 15. Qxf3 Qg4 16. Qg3 Qxg3 17. Nxg3 d5 18. Rad1 d4 19. h3 Rad8 20. b5 axb5 21. axb5 dxc3 22. Bxc3 Nd4 23. Bxd4 Bxd4 24. Bb3 Re7 25. Nf5 Red7 26. Bc4 c6 27. bxc6 bxc6 28. Rc1 c5 29. Rb1 h5 30. Rb6 Bc3 31. Re3 Ne8 32. Rg3 g6 33. Rgxg6+ Kf8 34. Rh6 Kg8 35. Rbg6+ Ng7 36. Rxg7+ Kf8 37. Rh8# 1-0